LEADER 01538nam1-2200481---450- 001 990000742750203316 005 20110427093922.0 035 $a0074275 035 $aUSA010074275 035 $a(ALEPH)000074275USA01 035 $a0074275 100 $a20011114f---0---9km-y0itay50------ba 101 1 $aita$ceng 102 $aIT 105 $a||||||||001yy 200 1 $aBiologia$fCampbell, Reece$gUrry ... [et al.]$gedizione italiana a cura di Rossana Brizzi, Massimo Stefani e Nicolò Taddei dell'Università degli studi di Firenze 210 $a[Milano]$cPearson Benjamin Cummings 215 $avolumi$d27 cm 454 0$12001$aBiology$919636 606 0 $aBiologia$2BNCF 676 $a570 700 1$aCAMPBELL,$bNeil A.$067036 701 1$aREECE,$bJane B.$067038 702 1$aURRY,$bLisa A. 702 1$aBRIZZI,$bRossana 702 1$aSTEFANI,$bMassimo$f<1950- > 702 1$aTADDEI,$bNiccolò 801 0$aIT$bsalbc$gISBD 912 $a990000742750203316 951 $a570 CAM /$bMed.$c570 959 $aBK 969 $aMED 979 $aPATTY$b90$c20011114$lUSA01$h1539 979 $c20020403$lUSA01$h1722 979 $aPATRY$b90$c20040406$lUSA01$h1651 979 $aRSIAV3$b90$c20090701$lUSA01$h1100 979 $aRSIAV3$b90$c20090701$lUSA01$h1103 979 $aDBC$b90$c20091105$lUSA01$h1504 979 $aANNAMARIA$b90$c20110421$lUSA01$h1118 979 $aANNAMARIA$b90$c20110427$lUSA01$h0928 979 $aANNAMARIA$b90$c20110427$lUSA01$h0939 996 $aBiology$919636 997 $aUNISA LEADER 01206nam--2200385---450- 001 990003659420203316 005 20120508161809.0 010 $a978-88-348-2585-3 035 $a000365942 035 $aUSA01000365942 035 $a(ALEPH)000365942USA01 035 $a000365942 100 $a20120508d2012----km-y0itay50------ba 101 $aita 102 $aIT 105 $a||||||||001yy 200 1 $a<> prevenzione del terrorismo nel diritto internazionale$fMirko Sossai 210 $aTorino$cGiappichelli$d2012 215 $aXIII, 472 p.$d24 cm 225 2 $aStudi di diritto internazionale$v18 410 0$12001$aStudi di diritto internazionale$v, 18 454 1$12001 461 1$1001-------$12001 606 0 $aTerrorismo$xPrevenzione$xDiritto internazionale$2BNCF 676 $a363.32517 700 1$aSOSSAI,$bMirko$0300118 801 0$aIT$bsalbc$gISBD 912 $a990003659420203316 951 $aXXIII.1.M. 390$b74011 G.$cXXIII.1.M$d00310460 959 $aBK 969 $aGIU 979 $aFIORELLA$b90$c20120508$lUSA01$h1610 979 $aFIORELLA$b90$c20120508$lUSA01$h1618 996 $aPrevenzione del terrorismo nel diritto internazionale$9263890 997 $aUNISA LEADER 01852nam 2200433 450 001 9910466665903321 005 20200120100810.0 010 $a2-335-04147-9 035 $a(CKB)3790000000023151 035 $a(EBL)2086304 035 $a(MiAaPQ)EBC2086304 035 $a(Au-PeEL)EBL2086304 035 $a(OCoLC)914153023 035 $a(EXLCZ)993790000000023151 100 $a20200120d2015 uy 0 101 0 $afre 135 $aur|n|---||||| 181 $ctxt$2rdacontent 182 $cc$2rdamedia 183 $acr$2rdacarrier 200 10$aCoup d'oeil sur les poisons et les sciences occultes $edepuis l'antiquite? jusqu'au XVIIIe sie?cle /$fE?mile Gilbert 210 1$a[Place of publication not identified] :$cLigaran,$d[2015] 210 4$d©2015 215 $a1 online resource (43 p.) 300 $aDescription based upon print version of record. 327 $aCouverture; Page de Copyright; Page de titre; Premie?re pe?riode; Deuxie?me pe?riode - De Dioscoride au XVIe sie?cle; Troisie?me pe?riode - Du XVIe au XVIIIe sie?cle; Conclusion 330 $a Extrait : ""Orphe?e, me?decin et poe?te, est le premier auteur de l'antiquite? qui, sans la nommer, se soit occupe? de la science Toxicologique. En effet, dans son poe?me des Pierres, il parle des diffe?rents poisons tire?s des ve?ge?taux, et du re?gne animal ; et de quelques pierres pre?cieuses, que l'on conside?rait comme antidotes ; il ne nomme point l'arsenic."" 606 $aPoisons$xHistory 608 $aElectronic books. 615 0$aPoisons$xHistory. 676 $a615.9009 700 $aGilbert$b E?mile$0909110 801 0$bMiAaPQ 801 1$bMiAaPQ 801 2$bMiAaPQ 906 $aBOOK 912 $a9910466665903321 996 $aCoup d'oeil sur les poisons et les sciences occultes$92033530 997 $aUNINA